000 00868nam a2200265Ia 4500
001 Para_8461
003 CHAP
008 220125s9999 xx 000 0 und d
010 _a206625
040 _cCHAP
082 _aPA-C 595.752 A6
100 _aHottes, F. C.
245 _aConcerning the structure, funtion and origin of the cornicles of the family aphididae /
_c by F.C. Hottes
300 _a11 p.
440 _aAphidae; 15
_9172930
500 _aSobretiro de: Proc. of the Biological soc. of Wash. 41: 71-84, 1928. Encuadernado con otros impresos similares
650 _a
_x Afididos
_x Colecciones de escritos
_x Afididos
_x AnatomĂ­a y FisiologĂ­a
_9172940
901 _aPA-C 595.752 A6
902 _aA
905 _a000000 0000000000 00
910 _a
942 _cPARA
942 _cPARA
_d1
999 _c206625
_d206625